Missing Word: Colin Firth Quiz Stats

 Plays Quiz Updated Jan 27, 2019

Support Sporcle.
Go Orange.
Score 0/16 Timer 02:30
0 Plays Today
Colin Firth Movie Missing Word % Correct
Shakespeare in _____Love
97.5%
_____ Mia!Mamma
97.5%
____ Jones's BabyBridget
97.3%
The King's _____Speech
94.9%
_____ with a Pearl EarringGirl
93%
The _____ PatientEnglish
91.7%
What a Girl _____Wants
90.3%
Dorian _____Gray
90.3%
Colin Firth Movie Missing Word % Correct
_____ McPheeNanny
89.2%
Mary ____ ReturnsPoppins
87.1%
Tinker, Tailor, Soldier _____Spy
87%
Love _____Actually
81.9%
Kingsman: The _____ ServiceSecret
69.7%
Bridget Jones: The Edge of _____Reason
64.5%
A Single _____Man
55.2%
The Happy ____Prince
15.6%

Today's Daily Dose

You're not logged in!

Compare scores with friends on all Sporcle quizzes.
OR
Log In
Forgot?

From the Vault

Number Grid IV

by Purple_Parrot

Let's take a walk through the world of numbers.
Remove Ads.
Support Sporcle.
Get the best of Sporcle when you Go Orange. This ad-free experience offers more features, more stats, and more fun while also helping to support Sporcle. Thank you for becoming a member.

Show Comments

Extras

Top Quizzes Today


Score Distribution

Your Account Isn't Verified!

In order to create a playlist on Sporcle, you need to verify the email address you used during registration. Go to your Sporcle Settings to finish the process.

Report this User

Report this user for behavior that violates our Community Guidelines.

Details: